Automatic Control Systems (Record no. 611336)
[ view plain ]
| 000 -LEADER | |
|---|---|
| fixed length control field | 00417nam a22001337a 4500 |
| 020 ## - INTERNATIONAL STANDARD BOOK NUMBER | |
| International Standard Book Number | 8014410339 |
| 040 ## - CATALOGING SOURCE | |
| Transcribing agency | NUST |
| 082 ## - DEWEY DECIMAL CLASSIFICATION NUMBER | |
| Classification number | 629.8 |
| Author Mark | PHE |
| 100 ## - MAIN ENTRY--PERSONAL NAME | |
| Personal name | Richard M. Phelan |
| 9 (RLIN) | 125604 |
| 245 ## - TITLE STATEMENT | |
| Title | Automatic Control Systems |
| Remainder of title | A Revolutionary, practical approach for students, teachers, and engineers |
| 260 ## - PUBLICATION, DISTRIBUTION, ETC. | |
| Place of publication, distribution, etc. | New York: |
| Name of publisher, distributor, etc. | Cornell University Press, |
| Date of publication, distribution, etc. | 1977. |
| 650 ## - SUBJECT ADDED ENTRY--TOPICAL TERM | |
| Source of heading or term | Automatic Control Systems |
| 942 ## - ADDED ENTRY ELEMENTS (KOHA) | |
| Source of classification or shelving scheme | |
| Koha item type | Book |
| Withdrawn status | Lost status | Source of classification or shelving scheme | Damaged status | Not for loan | Permanent Location | Current Location | Shelving location | Date acquired | Total Checkouts | Full call number | Barcode | Date last seen | Price effective from | Koha item type |
|---|---|---|---|---|---|---|---|---|---|---|---|---|---|---|
| College of Electrical & Mechanical Engineering (CEME) | College of Electrical & Mechanical Engineering (CEME) | General Stacks | 09/02/2024 | 629.8 PHE | CEME-36805 | 09/02/2024 | 09/02/2024 | Book |
